| 000 | 00393nam a2200145Ia 4500 | ||
|---|---|---|---|
| 008 | 231129s2010||||xx |||||||||||||| ||spa|| | ||
| 020 | _a978-958-631-539-5 | ||
| 040 | _bspa | ||
| 082 | _a635.9 G633f | ||
| 100 | _aGómez Ramírez Ignacio | ||
| 245 | 0 | _aFloricultura colombiana | |
| 260 | _c2010 | ||
| 264 | _aUniversidad Santo Tomás | ||
| 942 |
_2ddc _cBKS |
||
| 999 |
_c14066 _d14066 |
||